| 000 | 02520cam a22003498i 4500 | ||
|---|---|---|---|
| 001 | 22262870 | ||
| 005 | 20260309100059.0 | ||
| 008 | 211005s2022 nyu b 001 0 eng | ||
| 010 | _a 2021048791 | ||
| 020 |
_a9781032014784 _q(paperback) |
||
| 020 |
_a9781032015361 _q(hardback) |
||
| 020 |
_z9781003179009 _q(ebook) |
||
| 035 | _a22262870 | ||
| 040 |
_aDLC _beng _erda _cDLC |
||
| 041 | _aEnglish | ||
| 042 | _apcc | ||
| 043 | _an-us--- | ||
| 050 | 0 | 0 |
_aML3790 _b.A45 2022 |
| 100 |
_aAllen, Paul, 1946- _d1946- _eauthor. |
||
| 245 | 1 | 0 |
_aArtist management for the music business _b: manage your career in music or manage the music careers of others _c/ Paul Allen. |
| 250 | _aFifth edition. | ||
| 264 | 1 |
_aNew York : _bRoutledge, _c2022. |
|
| 300 | _a400 Pages 27 B/W Illustrations | ||
| 504 | _aIncludes bibliographical references and index. | ||
| 505 | _aArtist Management Principles — Preparing to Manage — Entrepreneurship — The Artist Prepares to be Managed — Lessons in Artist Management — The Indie Artist — The Artist Management Contract — A Planning Primer for the Artist Manager — The Artist as a Business and a Brand — Income from Live Performance — Income from Songwriting — Income from Recording — Conducting Business for the Artist — Mentors, Coaches and Leaders. | ||
| 520 |
_a"Anyone managing an artist's career needs to be well versed and have a savvy understanding of the moving parts of the music business. Learn how and why those moving parts "move," as well as how to manage and navigate a music-based career. Artist Management for the Music Business gives a comprehensive view of how to generate income through music and how to strategically plan for future growth. The book is full of valuable practical insights. It includes interviews and case studies with examples of real-world management issues and outcomes. Updates to this new edition include a new chapter for independent, self-managing artists, expanded and updated sections on networking, social media and streaming, and a basic introduction to data analytics for the music business. This book gives access to resources about artist management and the music business at its companion website, http://www.artistmanagementonline.com"-- _cProvided by publisher. |
||
| 650 | 0 |
_aPerforming arts - Management. _xManagement. |
|
| 650 | 0 |
_aMusic trade _x Management _913539 |
|
| 650 | 0 |
_aMusic - Economic aspects. _926853 |
|
| 650 | 0 |
_aPerforming arts - Vocational guidance. _926854 |
|
| 942 | _2lcc | ||
| 999 |
_c5401 _d5401 |
||